| 000 | 00518nam a2200169 i 4500 | ||
|---|---|---|---|
| 001 | bg | ||
| 100 | 1 | _aCIESIELSKI, Jarosław | |
| 245 | 0 |
_aOptymalne wymiarowanie sieci przewodów wodociągowych dla zmieniających się warunków rozbioru wody / _cJ.Ciesielski. |
|
| 260 |
_aPoznań, _c1989. |
||
| 490 | 1 | _aRozprawy / Politechnika Poznańska | |
| 830 | 0 | _aRozprawy (Politechnika Poznańska) | |
| 040 | _cBPK | ||
| 041 | _apol | ||
| 080 | _a628.1:519.8 | ||
| 942 | _cKS | ||
| 008 | s pl f |000 0 pol | ||
| 999 |
_c29007 _d29007 |
||
| 856 |
_uhttp://koha.tu.koszalin.pl/cgi-bin/koha/opac-detail.pl?biblionumber=29007 _yKatalog online BPK |
||